| 000 | 00921nam a22002537a 4500 | ||
|---|---|---|---|
| 999 |
_c4411 _d4411 |
||
| 003 | AR-CdUCM | ||
| 008 | 190308b ||||| |||| 00| 0 spa d | ||
| 040 |
_aMUNICIPALIDAD PROVINCIAL DEL CUSCO _cBIBLIOTECA MUNICIPAL DEL CUSCO |
||
| 082 |
_a711.5 / _bP48 |
||
| 100 |
_aPeters, Paulhans _913901 |
||
| 245 | _aCasas Unifamiliares con Patio / | ||
| 260 |
_aBarcelona : _bGustavo Gili. |
||
| 300 |
_a108 páginas ; _bFotografías, planos _c27cm |
||
| 440 |
_aTemas de Arquitectura Actual _n3 _913902 |
||
| 505 | _aContenido: Orígenes -- Formas y tipos de plantas -- Casas con patio, de dos pisos -- Insolación, iluminación, ventilación -- Vías de acceso... | ||
| 650 |
_aCasas _97156 |
||
| 650 |
_aPatios _913903 |
||
| 650 |
_aEdificación _913880 |
||
| 650 |
_aBarrios _913879 |
||
| 650 |
_aVivienda _911844 |
||
| 700 |
_aGarrido Ibáñez, Juan J. (traducción) _913904 |
||
| 942 |
_2ddc _cLIBROS |
||
| 945 | _anom | ||